Vývoj českého poistného trhu a jeho problémy

Súčasný stav, problémy a hodnotenie vývoja na poistnom trhu v ČR. Predpísané poistné. Počet komerčných poisťovní. Agregátový ukazovateľ poistenosti. Ponuka poistných produktov.

Salvato in:
Dettagli Bibliografici
Autore principale: Čejková, Viktória
Altri autori: Čapková, Dana
Natura: Capitolo di libro
Lingua:slovacco
Soggetti:
Tags: Aggiungi Tag
Nessun Tag, puoi essere il primo ad aggiungerne!!

MARC

LEADER 00000naa a2200000 4500
001 r037003
005 20221129101923.5
041 0 |a slo 
044 |a SK 
245 1 0 |a Vývoj českého poistného trhu a jeho problémy  |c Viktória Čejková, Dana Čapková 
520 |a Súčasný stav, problémy a hodnotenie vývoja na poistnom trhu v ČR. Predpísané poistné. Počet komerčných poisťovní. Agregátový ukazovateľ poistenosti. Ponuka poistných produktov. 
610 2 0 |a trh poistný 
610 2 0 |a Česko 
610 2 0 |a poistné 
610 2 0 |a poisťovne komerčné 
610 2 0 |a poistenie 
100 1 |a Čejková, Viktória 
700 1 |a Čapková, Dana